000 00217 a2200097 4500
001 3863
100 _aNewman, F.H
245 _aGeneral properties of matter, the
260 _a
_bEdward arnold
_c
090 _c3094
_d3094
942 _aNUST-CAE
_cM
_c23269
999 _c238936
_d238936